Das Konstanzer Konzil: 1414 - 1418; Weltereignis des Mittelalters; [Große Landesausstellung Baden-Württemberg "Das Konstanzer Konzil 1414 - 1418 - Weltereignis des Mittelalters" in Konstanz vom 27. April bis zum 21. September 2014] / Essays / hrsg. von Karl-Heinz Braun ...

Saved in:  
Bibliographic Details
Corporate Author: Große Landesausstellung Baden-Württemberg Das Konstanzer Konzil 1414 - 1418 - Weltereignis des Mittelalters. Konstanz (2014) (Other)
Contributors: Braun, Karl-Heinz 1955- (Other)
Format: Print Book
Language:German
English
Subito Delivery Service: Order now.
Check availability: HBZ Gateway
WorldCat: WorldCat
Interlibrary Loan:Interlibrary Loan for the Fachinformationsdienste (Specialized Information Services in Germany)
Published: Darmstadt Theiss c 2013
In: Das Konstanzer Konzil 1414 - 1418 ; Weltereignis des Mittelalters ; [Große Landesausstellung Baden-Württemberg "Das Konstanzer Konzil 1414 - 1418 - Weltereignis des Mittelalters" in Konstanz vom 27. April bis zum 21. September 2014]
Year: 2013
Reviews:Das Konstanzer Konzil. Essays. 1414–1418. Weltereignis des Mittelalters (2015) (Wohlmuth, Josef, 1938 -)
Standardized Subjects / Keyword chains:B History
Further subjects:B Collection of essays
Online Access: Inhaltstext (Publisher)
Sammlungen:

MARC

LEADER 00000cam a2200000 cc4500
001 746104782
003 DE-627
005 20241215031835.0
007 tu
008 130515s2013 gw ||||| 00| ||ger c
015 |a 13,N20  |2 dnb 
016 7 |a 1034377841  |2 DE-101 
020 |a 3806228493  |c Gb. : EUR 24.95 (DE), EUR 39.95 (DE)  |9 3-8062-2849-3 
020 |a 9783806228496  |c  : Gb. : EUR 24.95 (DE), EUR 39.95 (DE)  |9 978-3-8062-2849-6 
035 |a (DE-627)746104782 
035 |a (DE-576)9746104780 
035 |a (DE-599)DNB1034377841 
035 |a (OCoLC)931103407 
035 |a (DE-Rt5)3699220 
040 |a DE-627  |b ger  |c DE-627  |e rakwb 
041 |a ger  |a eng 
044 |c XA-DE-HE 
084 |a NM 7430  |2 rvk  |0 (DE-625)rvk/126423: 
084 |a NV 5470  |2 rvk  |0 (DE-625)rvk/131896: 
084 |a 15.33  |2 bkl 
084 |a 11.50  |2 bkl 
084 |a 11.73  |2 bkl 
090 |a a 
245 0 4 |a Das Konstanzer Konzil  |b 1414 - 1418; Weltereignis des Mittelalters; [Große Landesausstellung Baden-Württemberg "Das Konstanzer Konzil 1414 - 1418 - Weltereignis des Mittelalters" in Konstanz vom 27. April bis zum 21. September 2014]  |p Essays / hrsg. von Karl-Heinz Braun ... 
264 1 |a Darmstadt  |b Theiss  |c c 2013 
300 |a 247 S.  |b Ill., Kt.  |c 28 cm 
336 |a Text  |b txt  |2 rdacontent 
337 |a ohne Hilfsmittel zu benutzen  |b n  |2 rdamedia 
338 |a Band  |b nc  |2 rdacarrier 
500 |a Quellen- und Literaturverz. S. 226 - 245 
601 |a Konstanz 
601 |a Mittelalter 
601 |a Landesausstellung 
601 |a Baden-Württemberg 
601 |a September 
655 7 |a Aufsatzsammlung  |0 (DE-588)4143413-4  |0 (DE-627)105605727  |0 (DE-576)209726091  |2 gnd-content 
689 0 0 |q z  |2 gnd  |a Geschichte 
689 0 |5 (DE-627) 
700 1 |0 (DE-588)1017713952  |0 (DE-627)69041031X  |0 (DE-576)354186515  |4 oth  |a Braun, Karl-Heinz  |d 1955- 
711 2 |0 (DE-588)1044843241  |0 (DE-627)772984557  |0 (DE-576)398161895  |4 oth  |a Große Landesausstellung Baden-Württemberg Das Konstanzer Konzil 1414 - 1418 - Weltereignis des Mittelalters  |d 2014  |c Konstanz 
773 1 8 |a Das Konstanzer Konzil 1414 - 1418 ; Weltereignis des Mittelalters ; [Große Landesausstellung Baden-Württemberg "Das Konstanzer Konzil 1414 - 1418 - Weltereignis des Mittelalters" in Konstanz vom 27. April bis zum 21. September 2014]  |w (DE-627)774833602  |w (DE-576)9774833600  |q E.2013  |7 nnam 
787 0 8 |i Rezensiert in  |a Wohlmuth, Josef, 1938 -   |t Das Konstanzer Konzil. Essays. 1414–1418. Weltereignis des Mittelalters  |d 2015  |w (DE-627)1797989774 
856 4 2 |u http://deposit.dnb.de/cgi-bin/dokserv?id=4323077&prov=M&dok_var=1&dok_ext=htm  |q text/html  |x Verlag  |3 Inhaltstext  |7 1 
935 |a FBGO  |a mteo 
935 |i sf 
936 r v |a NM 7430  |b Sigismund (1410 - 1437)  |k Geschichte  |k Geschichte des Mittelalters  |k Abendländische Geschichte im Mittelalter nach Zeitabschnitten  |k Spätmittelalter (1250 - 1519)  |k Schisma und Konzilsgeist, Reichsreform und Habsburgs Aufstieg bis zum Tode Maximilians I. (1378 - 1519)  |k Sigismund (1410 - 1437)  |0 (DE-627)1271462842  |0 (DE-625)rvk/126423:  |0 (DE-576)201462842 
936 r v |a NV 5470  |b Konstanz (1414-1418)  |k Geschichte  |k Religions- und Kirchengeschichte  |k Geschichte der katholischen Kirche  |k Konziliengeschichte  |k Ökumenische Konzilien  |k Konstanz (1414-1418)  |0 (DE-627)1271629070  |0 (DE-625)rvk/131896:  |0 (DE-576)201629070 
936 b k |a 15.33  |j Hoch- und Spätmittelalter  |0 (DE-627)181571560 
936 b k |a 11.50  |j Kirchengeschichte  |j Dogmengeschichte  |0 (DE-627)106403877 
936 b k |a 11.73  |j Kirchenorganisation  |x Religionswissenschaft  |0 (DE-627)106402617 
951 |a MV 
ACO |a 1 
ELC |b 1 
LOK |0 000 xxxxxcx a22 zn 4500 
LOK |0 001 4582563309 
LOK |0 003 DE-627 
LOK |0 004 746104782 
LOK |0 005 20250127142839 
LOK |0 008 240923||||||||||||||||ger||||||| 
LOK |0 040   |a DE-Tue135  |c DE-627  |d DE-Tue135 
LOK |0 092   |o n 
LOK |0 852   |a DE-Tue135 
LOK |0 852 1  |9 00 
LOK |0 866   |x SPQUE#Forschungsbibliothek Gotha#SPSAM#Bestand Theologie (bis 2024-03) 
LOK |0 935   |a FBGO  |a goth 
LOK |0 939   |a 23-09-24  |b l01 
ORI |a SA-MARC-ixtheoa001.raw 
STA 0 0 |a History,History,History in art 
STB 0 0 |a Histoire,Histoire,Histoire 
STC 0 0 |a Historia,Historia,Historia 
STD 0 0 |a Storia,Storia 
STE 0 0 |a 历史,史 
STF 0 0 |a 歷史,史 
STG 0 0 |a História,História 
STH 0 0 |a История (мотив),История 
STI 0 0 |a Ιστορία (μοτίβο),Ιστορία 
SYG 0 0 |a History,Geschichtliche Epoche,Historical development,Historische Entwicklung,Landesgeschichte,Regionalgeschichte,Ortsgeschichte,Zeitgeschichte